Guido Gustavo Gozzano: a literary interpretation
Salvato in:
| Autore principale: | |
|---|---|
| Natura: | Libro |
| Lingua: | Undetermined |
| Pubblicazione: |
Madrid, España
José Porrúa Turanzas
1983
|
| Soggetti: | |
| Tags: |
Aggiungi Tag
Nessun Tag, puoi essere il primo ad aggiungerne!!
|
MARC
| LEADER | 00000nam a2200000Ia 4500 | ||
|---|---|---|---|
| 008 | 170316s9999 xx 000 0 und d | ||
| 090 | |a 801 G-14a | ||
| 100 | |a Gerato, Erasmo Gabriele | ||
| 245 | |a Guido Gustavo Gozzano: a literary interpretation | ||
| 260 | |a Madrid, España | ||
| 260 | |b José Porrúa Turanzas | ||
| 260 | |c 1983 | ||
| 300 | |a 132 páginas | ||
| 650 | |a TEORÍA LITERARIA | ||
| 999 | |c 20296 |d 20296 | ||
| 040 | |a cru BVZT | ||
| 942 | |c 15 D |h 801 G-14a |2 z | ||
